000
00313nam a22001457a 4500
008
221018b ||||| |||| 00| 0 eng d
020
_a
9781558504448
041
_a
eng
080
_a
33
082
_a
33
100
_a
22.1
101
_a
BIZ
245
_a
KISS BOW OR SHAKE HANDS
_c
MORRISON T
942
_2
udc
_c
BK
999
_c
58596
_d
58596